La protección al obrero en Alemania / (Record no. 139975)

MARC details
000 -LEADER
campo de control de longitud fija 00560nam a2200193 i 4500
001 - NÚMERO DE CONTROL
campo de control 139975
003 - IDENTIFICADOR DE NÚMERO DE CONTROL
campo de control ES-MaACL
005 - FECHA Y HORA DE LA ÚLTIMA TRANSACCIÓN
campo de control 20230906195948.0
007 - CAMPO FIJO DE DESCRIPCIÓN FÍSICA--INFORMACIÓN GENERAL
campo de control de longitud fija t|
008 - DATOS DE LONGITUD FIJA--INFORMACIÓN GENERAL
campo de control de longitud fija 070214s1915 gw r ||||1| spa d
100 1# - ENTRADA PRINCIPAL--NOMBRE DE PERSONA
Nombre de persona Schmidt, Robert.
9 (RLIN) 104491
245 13 - MENCIÓN DEL TÍTULO
Título La protección al obrero en Alemania /
Mención de responsabilidad, etc. Robert Schmidt.
260 ## - PUBLICACIÓN, DISTRIBUCIÓN, ETC.
Lugar de publicación, distribución, etc. Berlin :
Nombre del editor, distribuidor, etc. Revista mensual socialista,
Fecha de publicación, distribución, etc. 1915.
300 ## - DESCRIPCIÓN FÍSICA
Extensión 54 p. ;
Dimensiones 22 cm.
650 #4 - PUNTO DE ACCESO ADICIONAL DE MATERIA--TÉRMINO DE MATERIA
Término de materia o nombre geográfico como elemento de entrada Trabajadores-
Subdivisión geográfica Alemania.
9 (RLIN) 141178
852 ## - LOCALIZACIÓN
Ubicación ES-MaACL
Número de control de estantería 1493-F-6
852 ## - LOCALIZACIÓN
Ubicación ES-MaACL
Número de control de estantería T-1471-F-1
852 ## - LOCALIZACIÓN
Ubicación ES-MaACL
Número de control de estantería 1544-F-3
Holdings
Estatus retirado Estado de pérdida Estado de daño No para préstamo Colección Biblioteca de origen Biblioteca actual Ubicación en estantería Fecha de adquisición Fuente de adquisición Total de préstamos Signatura topográfica completa Código de barras Visto por última vez Precio de reemplazo Tipo de ítem Koha
        Colección de folletos Biblioteca del Ateneo de Madrid Biblioteca del Ateneo de Madrid Depósito folletos 17/01/2008     1544-F-3 1145662 23/02/2023 23/02/2023 Folleto
        Colección de folletos Biblioteca del Ateneo de Madrid Biblioteca del Ateneo de Madrid Depósito folletos 17/01/2008     1493-F-6 1145660 23/02/2023 23/02/2023 Folleto
        Colección de folletos Biblioteca del Ateneo de Madrid Biblioteca del Ateneo de Madrid Depósito folletos 17/01/2008     T-1471-F-1 1145661 23/02/2023 23/02/2023 Folleto